000 00622nam a22002057a 4500
003 OSt
005 20251028061122.0
008 251028b |||||||| |||| 00| 0 eng d
020 _a978-971-23-6007-7.
040 _aDWC-Main Lib.
_cOC
082 _aFil. 342 D346t 2011
100 _aDE LEON, HECTOR S.
245 _aTextbook on the Philippine Constitution/
_cHECTOR S. DE LEON
260 _aManila:
_bRex Book Store,
_cc2011.
300 _aii, 801 p. ;
_c22 cm.
650 _a1. Philippines-Constitutional law.
650 _a2. Philippines-Constitutions.
760 _b2011 ed.
942 _2ddc
_cBK - FIL
_hFil.
_n0
999 _c5240
_d5240